000 00578nam a2200217Ia 4500
008 101110s9999 xx 000 0 und d
041 _aENGLISH
082 _bSR33488
100 _aAjagaonkar Parag
245 _aManagement and production planning (TYBCom)
260 _c2009
_bSheth publishers, Mumbai
300 _a259
365 _b110
520 _aCommerce
546 _aENGLISH
630 _aManagement and production planning (TYBCom)
650 _aCommerce
655 _aCommerce
730 _aManagement and production planning (TYBCom)
942 _cBOOK
999 _c825989
_d825986